000 00296nam a2200097Ia 4500
082 _aJ 333.703 ILLU
245 0 _aIllustrated encyclopedia of environment and geography
100 _a Berry, Edward Malaysia, [c.2004]
_999740
942 _cBK
008 210817s9999 xx 000 0 und d
999 _c424476
_d424475